000 00961nam a22002177a 4500
003 OSt
005 20250819160402.0
008 241009b |||||||| |||| 00| 0 eng d
040 _c0
082 _aDPer 613.705 J826 January-December 2020 v. 91 n. 1-9
100 _aSeymour, Clancy M.
_eauthor.
_962609
245 _aA model for collaboration to ensure feasibility and effectiveness of fitness testing in a PK-12 physical education setting /
_cClancy M. Seymour, Kristin E. Finn, and Karl F. Kozlowski.
260 _aVirginia ;
_bAmerican Alliance for Health ,
_cApril 2020.
300 _aVolume 91, pages 40-45 :
_b illustration ;
_c28 cm.
500 _aThe Journal of Physical Education Recreation & Dance, vol. 91, no. 4, pages 40-45, April 2020.
650 0 _aPhysical education.
_950439
700 _aSeymour, Clancy M.
_eauthor.
_962609
700 _aFinn, Kristin.
_eauthor.
_966947
700 _aKozlowski, Karl.
_eauthor.
_966948
942 _2ddc
_cPER
999 _c22386
_d22386